000 01408nam a2200277 a 4500
001 BRCA_8651
005 20190320210345.0
008 041016s1947----mx-#######---#000-0#spa-#
040 _aspa
041 _amx
050 4 _aHG4503
_b.A68
_c1947
245 1 0 _aApuntes sobre el proyecto de ley del mercado de valores.
260 _a[s.l.]
_b[s.i.]
_c1947
300 _a1 vol. (con varias paginaciones)
_c28 cm
500 _aFondo antiguo
500 _aSe encuentra en Caja Fuerte
500 _as/no
500 _aTexto en máquina de escribir
500 _aSe localiza marca de agua en las hojas del documento: ´neenah chieftain bond rag content made in USA´
500 _aNota de encuadernación: conservado en carpeta de piel
505 0 _aDentro de la carpeta se incluyen los siguientes documentos: Motivos de la ley del mercado de valores.-- Acta No. 20 y 21.-- Informe que rinde la comisión mixta para la reorganización de la bolsa a la asociación de banqueros de mexico y la bolsa de valores de México.-- Ejemplar del periódico Boletín financiero y minero de México de 1947 donde se encuentra un artículo del mercado de valores y la bolsa: ponencia presentada por Franz Mayer en la convención bancaria
506 0 _aFondo reservado: para su consulta es necesario credencial de usuario y carta de motivos
650 1 4 _aFinanzas
_zMéxico
_914605
902 _aLAR
942 _2lcc
_cB
999 _c8310
_d8310